000 00275nam a2200133Ia 4500
100 _aSiegal Charles
942 _cBK
654 _aComputer
245 _aMastering Fox Pro 2.5
260 _bBPB Pub
_aNew Delhi
_c1994
082 _a5.7565
546 _aENGLISH
999 _c28563
_d28563